000 00714nam a2200229 a 4500
001 70153
003 BD-RjUL
005 20211209081953.0
008 170416s1950 maua 001 0 eng d
035 _a(BD-RjUL)70365
040 _aDLC
_cOTU
_dBD-RjUL
_beng
041 _aeng
082 _a547
_223
_bFIT 1950
100 1 _aFieser, Louis F.
_q(Louis Frederick),
_d1899-1977.
_9207771
245 0 0 _aTextbook of organic chemistry /
_c[by] Louis F. Fieser and Mary Fieser.
260 _aBoston :
_bHeath,
_cc1950
300 _aviii, 741 p. :
_bill. ;
_c25 cm.
504 _aIncludes bibliographies and index
650 0 _aChemistry, Organic.
_9207772
700 1 _aFieser, Mary,
_d1909-1997.
_9207773
942 _2ddc
_cBK
999 _c70153
_d70153